01507nab a22002417a 4500999001500000003000400015005001700019008004100036040000700077100002900084245013300113260007300246300001300319500007200332505048600404505008900890650003500979650003201014650003801046650002901084773013901113942001301252 c5680d5680OSt20251226232714.0190603e xxum|||| |||| 00| 0 spa d cPJ 94791aAzar, Aldo Marcelo13aLa configuración del incumplimiento en las obligaciones de medios y la atribución de la carga de la prueba /cAldo M. Azar.  cCiudad Autónoma de Buenos Aires :aThomson Reuters La Ley, b2025. ap. 86-95 aCita: TR LALEY AR/DOC/1771/2025 Publicado en: RCCyC 2025 (agosto). aSumario: I. La atribución de la carga probatoria de la culpa en las obligaciones de medios a partir de la vigencia del Cód. Civ. y Com.— II. El contexto normativo del Cód. Civil.— III. El contexto normativo del Cód. Civ. y Com.— IV. La carga probatoria del pago y la carga probatoria del factor de atribución.— V. Las modalidades del incumplimiento y las presunciones de causalidad, autoría y responsabilidad en las obligaciones de medios.— VI. Conclusiones.  t¿Te interesa el texto completo? Solicitalo al correo: koha@justierradelfuego.gov.ar 091497aCODIGO CIVIL Y COMERCIAL 091467aRESPONSABILIDAD CIVIL 093712aRESPONSABILIDAD PROFESIONAL 093927aCARGA DE LA PRUEBA0 0271393170dCiudad Autónoma de Buenos Aires : Thomson Reuters La Ley, 2015-tRevista Código Civil y Comercial. Nº 4 - Agosto 2025 2udccANA